Yüklüyor......
Microfinance India: The social performance report
| Yazar: | |
|---|---|
| Materyal Türü: | Printed Book |
| Baskı/Yayın Bilgisi: |
New Delhi
Oxford university press
2014
|
| Konular: |
| LEADER | 00484nam a22001337a 4500 | ||
|---|---|---|---|
| 020 | |a 9780199458288 | ||
| 082 | |a 332.0954 |b GIR.M | ||
| 100 | |a Girija Srinivasan | ||
| 245 | |a Microfinance India: The social performance report | ||
| 260 | |a New Delhi |b Oxford university press |c 2014 | ||
| 650 | |a Economics |a Inclusive finance | ||
| 942 | |c BK | ||
| 999 | |c 3124 |d 3124 | ||
| 952 | |0 0 |1 0 |4 0 |6 332_095400000000000_GIR_M |7 0 |8 NFIC |9 3126 |a CAMPUS |b CAMPUS |d 2015-04-21 |l 0 |o 332.0954 GIR.M |p 20784 |r 2015-04-21 |w 2015-04-21 |y BK | ||